00613nam a22001817a 450000500170000001000720001702000260008903500170011503500150013203700260014703700140017308200100018710000410019724500780023826000430031627000510035930000210041020250908152002.0 aB-762641-662 ENG-146792 BACEN25 a9789363951198c395.00 aB-762641-662 a EN-130324 bOm Book International bDBADaDPL a230.2 aShukla ,Lalitha Balasubramanian Jai  aStree: The Women of the Ramayana / cLalitha Balasubramanian Jai Shukla / aNew DelhibOm book internationalc2024 a107, Ansari Road, DaryaganjbNew Delhie110002 a264p.c20cm(pbk)